Statistiken für Trainer von Borussia Mönchengladbach

Klicken Sie hier um das Quiz zu spielen!

Allgemein

  • Dieses Quiz wurde 201 mal gespielt
    (79 seit der letzten Aktualisierung)
  • Das Durchschnittsergebnis liegt bei 13 aus 26

Antwortstatistiken

AmtszeitErfolgeTrainer% Korrekt
2011 - 2015erfolgreiche Relegation, Champions-League-QualifikationLucien Favre
94%
2019 - 2021Champions-League-QualifikationMarco Rose
94%
2021 - 2022Adi Hütter
89%
2022 -Daniel Farke
74%
1979 - 1987 | 2006 - 20071x DFB-Pokal-Finalist, 1× UEFA-Pokal-FinalistJupp Heynckes
74%
1964 - 19753x Deutscher Meister, 1x DFB-Pokal-Sieger, 1x UEFA-Pokal-SiegerHennes Weisweiler
71%
1999 - 2003 | 2008 - 2009Aufstieg aus der 2. BundesligaHans Meyer
68%
2017 - 2019Europa-League-QualifikationDieter Hecking
67%
2015 - 2016Champions-League-QualifikationAndré Schubert
64%
2009 - 2011Michael Frontzeck
53%
1975 - 19792x Deutscher Meister, 1x UEFA-Pokal-SiegerUdo Lattek
51%
2007 - 2008Aufstieg aus der 2. BundesligaJos Luhukay
42%
2004 - 2005erster ausländischer TrainerDick Advocaat
36%
1992 - 19961x DFB-Pokal-SiegerBernd Krauss
33%
2003Ewald Lienen
33%
1998 - 1999Rainer Bonhof
28%
2003 - 2004Holger Fach
26%
2005 - 2006Horst Köppel
24%
1997 - 1998Norbert Meier
24%
1987 - 1989Wolf Werner
24%
1998Klassenerhalt am letzten SpieltagFriedel Rausch
19%
1996 - 1997Hannes Bongartz
18%
1989 - 1991Gerd vom Bruch
17%
1991 - 19921× DFB-Pokal-FinalistJürgen Gelsdorf
15%

Verteilung der Resultate

Perzentil nach korrekt beantworteten Fragen

Anzahl Personen mit jedem Resultat

Ihre Resultats-Entwicklung

Sie haben dieses Quiz seit der letzten Aktualisierung nicht gespielt